Una economía para la prosperidad

Salvato in:
Dettagli Bibliografici
Autore principale: Lüders Schwarzenberg, Rolf J. (autor)
Natura: Libro
Lingua:spagnolo
Pubblicazione: Santiago Universidad Técnica del Estado 1977
Soggetti:
Tags: Aggiungi Tag
Nessun Tag, puoi essere il primo ad aggiungerne!!

MARC

LEADER 00000nam a2200000 a 4500
001 UCT8731
003 CL-VaPUC
008 970326e19770000CL |||||||||||||||||spa|d
082 0 4 |a 338.983  |b LUD  |2 21 
100 |a Lüders Schwarzenberg, Rolf J.  |e autor  |9 579210 
245 1 4 |a Una economía para la prosperidad 
300 |a 28 p 
942 |c BK 
945 |d 19970326 00:00:00  |a paguirre 
260 |a Santiago  |b Universidad Técnica del Estado  |c 1977 
500 |a Clase magistral dictada con motivo de la inaguración del año académico 1977 de la sede de Concepción de la Universidad Técnica del Estado 
650 0 |a Desarrollo económico y social   |9 256320 
650 0 |a Crecimiento económico   |9 314037 
650 0 |a Política económica   |9 255029 
650 0 |a Teorías económicas  |9 270968 
650 0 |a Mercado  |9 321497 
650 0 |a Precios   |9 260787 
650 0 |a Ahorro  |9 351157 
651 7 |a CHILE  |2 CL-VaPUC  |9 380699 
583 |a last modification  |c 20150417 03:49:01  |k Rodrigo Vera 
999 |c 257217  |d 257215 
952 |0 0  |1 0  |4 0  |6 338_983000000000000_LUD_1977  |7 0  |8 P  |9 280498  |a BIBDER  |b BIBDER  |d 2019-11-19  |i 1815903  |o 338.983 LUD 1977  |p 1815903  |r 2023-01-25  |w 2019-11-19  |y BK  |k DER